Loading...
| Literature - British | 0 | 5 | 0 | 0 | 50 | 88 | 102.40 | 0 | 2 | 0.00 | 0.00 |
| Literature - World | 0 | 5 | 1 | 0 | 45 | 83 | 119.00 | 1 | 3 | 0.00 | 0.00 |
| History - World | 0 | 4 | 0 | 1 | 40 | 102 | 116.75 | 0 | 2 | 0.00 | 0.00 |
| History - European | 0 | 5 | 2 | 1 | 40 | 79 | 103.00 | 1 | 2 | 0.00 | 0.00 |
| History - Other | 0 | 3 | 0 | 0 | 30 | 82 | 107.33 | 0 | 3 | 0.00 | 0.00 |
| Literature - European | 0 | 3 | 1 | 1 | 25 | 132 | 137.00 | 0 | 1 | 0.00 | 0.00 |
| Fine Arts - Other | 0 | 2 | 0 | 1 | 20 | 129 | 134.00 | 0 | 0 | 0.00 | 0.00 |
| Fine Arts - Painting and Sculpture | 0 | 2 | 0 | 0 | 20 | 107 | 128.00 | 0 | 1 | 0.00 | 0.00 |
| History - American | 0 | 2 | 1 | 0 | 15 | 102 | 117.50 | 1 | 1 | 0.00 | 0.00 |
| Current Events | 0 | 1 | 0 | 0 | 10 | 100 | 100.00 | 1 | 1 | 0.00 | 0.00 |
| Fine Arts - Classical Music | 0 | 1 | 0 | 0 | 10 | 127 | 127.00 | 0 | 0 | 0.00 | 0.00 |
| Geography | 0 | 1 | 0 | 0 | 10 | 126 | 126.00 | 0 | 0 | 0.00 | 0.00 |
| Other Academic | 0 | 1 | 0 | 0 | 10 | 134 | 134.00 | 0 | 1 | 0.00 | 0.00 |
| Pop Culture | 0 | 1 | 0 | 0 | 10 | 40 | 40.00 | 1 | 1 | 0.00 | 0.00 |
| Literature - American | 0 | 1 | 2 | 0 | 0 | 76 | 76.00 | 1 | 1 | 0.00 | 0.00 |
| Science - Other | 0 | 0 | 0 | 0 | 0 | 0.00 | 0 | 0 | 0.00 | 0.00 |